| 000 | 00635nam a22001577a 4500 | ||
|---|---|---|---|
| 003 | macl | ||
| 005 | 20250108145035.0 | ||
| 008 | 250108b |||||||| |||| 00| 0 eng d | ||
| 040 | _cmacl | ||
| 082 | _a954 | ||
| 100 |
_aराय ,कौलेश्वर _983060 |
||
| 245 | _aसंघ लोक सेवा आयोग आधुनिक भारत का इतिहास प्रश्नोत्तरमाला(1453 -1992) | ||
| 260 |
_aबिहार _bसेन्चुरी पब्लिशिंग हाऊस _c1991 |
||
| 650 |
_aविश्व इतिहास _983061 |
||
| 942 |
_2ddc _cBK |
||
| 999 |
_c67824 _d67824 |
||